000 00518nam a22001697a 4500
003 OSt
005 20260302101706.0
008 260302b |||||||| |||| 00| 0 eng d
040 _cMRSPTU
041 _aEnglish
100 _aGurraj Singh, Supervisor: G. S. Bath
245 _aEffect of Biomass ASH on the Behavior of Clayey Soil
260 _bDepartment of Civil Engg. MRSPTU, Bathinda
_c2015
650 _aCivil Engineering
856 _uhttp://163.47.215.52:8080/jspui/handle/123456789/1134
942 _2ddc
_cTH
_n0
999 _c11027
_d11027